[Event "35. DSenEM 50+"]
[Site "Bad Wildungen"]
[Date "2023.07.20"]
[Round "4.7"]
[White "Baer, Marco"]
[Black "Schaefer, Lutz"]
[Result "1/2-1/2"]
[WhiteElo "2079"]
[BlackElo "1841"]
[PlyCount "151"]
[EventDate "2023.??.??"]
[WhiteTeam "Schachclub Bayer Leverkusen e.V."]
[BlackTeam "SV Vimbuch"]

1. e4 g6 2. Nc3 Bg7 3. f4 c5 4. Nf3 Nc6 5. g3 a6 6. Bg2 d6 7. O-O Bg4 8. h3 Bd4+ 9. Kh2 Bxf3 10. Bxf3 h5 11. Ne2 Bf6 12. c3 Qb6 13. d3 Rc8 14. Rb1 a5 15. Be3 e5 16. Qd2 Qa6 17. Bg2 b6 18. Rf2 Rh7 19. Rbf1 Bh8 20. Ng1 Qb7 21. f5 gxf5 22. exf5 Nf6 23. Nf3 Qe7 24. Ng5 Rg7 25. Ne4 Nxe4 26. dxe4 f6 27. Rd1 Rd8 28. Qd5 Na7 29. Bf1 Qb7 30. Rfd2 Qxd5 31. Rxd5 Ke7 32. Be2 Rh7 33. Bf2 Bg7 34. b4 axb4 35. cxb4 Rhh8 36. a4 Nc6 37. bxc5 bxc5 38. R5d2 h4 39. gxh4 Rb8 40. Bb5 Nd4 41. Bxd4 exd4 42. Rg2 Bh6 43. Rg4 d5 44. exd5 Kd6 45. Bc6 Rb2+ 46. Kg3 Rhb8 47. Re4 Rg8+ 48. Rg4 Rb3+ 49. Kg2 Rxg4+ 50. hxg4 d3 51. Bb5 Rb2+ 52. Kf3 d2 53. Ke2 Bf4 54. Kf3 Rb4 55. g5 fxg5 56. h5 Rb3+ 57. Kf2 Kxd5 58. f6 g4 59. Be2 g3+ 60. Kg2 Kd4 61. f7 Rb8 62. Kf3 Bh6 63. Bb5 c4 64. Ke2 c3 65. Bd3 Rb6 66. Bc2 Rb2 67. Bg6 c2 68. Rxd2+ Bxd2 69. f8=Q c1=Q 70. Qd6+ Kc3 71. Qc5+ Kb3 72. Bf7+ Kxa4 73. Be8+ Kb3 74. Bf7+ Ka4 75. Be8+ Kb3 76. Bf7+ 1/2-1/2

[Event "35. DSenEM 50+"]
[Site "Bad Wildungen"]
[Date "2023.07.20"]
[Round "4.8"]
[White "Domnick, Michael"]
[Black "Jahn, Peter"]
[Result "0-1"]
[WhiteElo "1742"]
[BlackElo "2077"]
[PlyCount "30"]
[EventDate "2023.??.??"]
[WhiteTeam "Turnverein Witzhelden 1884 e. V."]
[BlackTeam "Husumer SV von 1898"]

1. d4 e6 2. Nf3 d5 3. g3 Nf6 4. Bg5 Nbd7 5. c4 h6 6. cxd5 hxg5 7. dxe6 fxe6 8. Nxg5 Nb6 9. Qd3 Rh6 10. Bh3 Qd5 11. Nf3 Rxh3 12. Qg6+ Kd8 13. Nc3 Qf5 14. Qf7 Nfd5 15. Qg8 Ne7 0-1

[Event "35. DSenEM 50+"]
[Site "Bad Wildungen"]
[Date "2023.07.20"]
[Round "4.9"]
[White "Cmiel, Thorsten"]
[Black "Roettinger, Eugen"]
[Result "1/2-1/2"]
[WhiteElo "2038"]
[BlackElo "1965"]
[PlyCount "34"]
[EventDate "2023.??.??"]
[WhiteTeam "Koelner Schachklub Dr.Lasker 186"]
[BlackTeam "TG Biberach 1847 e.V."]

1. e4 c6 2. Nf3 d5 3. d3 dxe4 4. dxe4 Qxd1+ 5. Kxd1 Bg4 6. Be2 Nd7 7. Ne1 Bxe2+ 8. Kxe2 e5 9. Be3 Bc5 10. Nd3 Bxe3 11. Kxe3 O-O-O 12. Nd2 f6 13. a4 Nh6 14. f3 Nf7 15. Nc4 Nb6 16. Nxb6+ axb6 17. a5 bxa5 1/2-1/2

[Event "35. DSenEM 50+"]
[Site "Bad Wildungen"]
[Date "2023.07.20"]
[Round "4.10"]
[White "Schell, Franz Juergen"]
[Black "Fabig, Holger"]
[Result "1/2-1/2"]
[WhiteElo "2069"]
[BlackElo "1928"]
[PlyCount "45"]
[EventDate "2023.??.??"]
[WhiteTeam "Bramfelder SK 1947 e.V."]
[BlackTeam "SK Marmstorf GW Harburg"]

1. c4 b6 2. Nc3 Bb7 3. e4 e6 4. g3 f5 5. Bg2 Bb4 6. Nge2 Nf6 7. Qc2 Bxc3 8. Nxc3 O-O 9. O-O fxe4 10. Nxe4 Nxe4 11. Bxe4 Bxe4 12. Qxe4 Nc6 13. d4 Qf6 14. Be3 Rae8 15. Rad1 Qf5 16. Qxf5 Rxf5 17. g4 Rf7 18. f4 Ref8 19. Kg2 d6 20. Rf2 a5 21. Kf1 Ne7 22. Ke2 d5 23. c5 1/2-1/2

[Event "35. DSenEM 50+"]
[Site "Bad Wildungen"]
[Date "2023.07.20"]
[Round "4.12"]
[White "Birkholz, Axel"]
[Black "Noldt, Torsten"]
[Result "1/2-1/2"]
[WhiteElo "1843"]
[BlackElo "1989"]
[PlyCount "69"]
[EventDate "2023.??.??"]
[WhiteTeam "SR Spaichingen"]
[BlackTeam "Elmshorner SC von 1896"]

1. e4 g6 2. d4 Bg7 3. Nc3 c5 4. dxc5 Bxc3+ 5. bxc3 Qa5 6. Qd4 Nf6 7. Qb4 Qc7 8. Nf3 Nc6 9. Qc4 Ne5 10. Nxe5 Qxe5 11. Bd3 b6 12. cxb6 axb6 13. Qd4 Qe6 14. Bc4 Qxe4+ 15. Qxe4 Nxe4 16. Bd5 Ra5 17. Bxe4 Re5 18. f3 f5 19. Rb1 fxe4 20. O-O exf3 21. Rxf3 Re1+ 22. Rf1 Rxf1+ 23. Kxf1 Rf8+ 24. Kg1 Rf6 25. Be3 Rc6 26. Bd4 d6 27. Rxb6 Rxb6 28. Bxb6 Bf5 29. Kf2 Bxc2 30. Ke3 e5 31. c4 Kd7 32. Kd2 Be4 33. g3 Kc6 34. Ba7 Bb1 35. a4 1/2-1/2

[Event "35. DSenEM 50+"]
[Site "Bad Wildungen"]
[Date "2023.07.20"]
[Round "4.13"]
[White "Goeldenboog, Juergen"]
[Black "Kopischke, Maik"]
[Result "1/2-1/2"]
[WhiteElo "1984"]
[BlackElo "1800"]
[PlyCount "30"]
[EventDate "2023.??.??"]
[WhiteTeam "Schachverein Horst-Emscher 31"]
[BlackTeam "SG Weissensee 49 e.V."]

1. d4 Nf6 2. c4 c5 3. d5 b5 4. cxb5 a6 5. bxa6 Bxa6 6. Nc3 g6 7. e4 Bxf1 8. Kxf1 d6 9. g3 Bg7 10. Kg2 Nbd7 11. Nge2 O-O 12. Qc2 Qa5 13. Rb1 Rfb8 14. b3 Rb7 15. Bd2 Qa6 1/2-1/2

[Event "35. DSenEM 50+"]
[Site "Bad Wildungen"]
[Date "2023.07.20"]
[Round "4.14"]
[White "Stern, Geoffrey"]
[Black "Schneider, Birgit"]
[Result "1/2-1/2"]
[WhiteElo "1959"]
[BlackElo "1829"]
[PlyCount "60"]
[EventDate "2023.??.??"]
[WhiteTeam "Gambit Bonnevoie"]
[BlackTeam "SC Niefern-Oeschelbronn"]

1. d4 d5 2. Nc3 Nf6 3. Bf4 a6 4. e3 e6 5. Bd3 c5 6. dxc5 Bxc5 7. Nf3 Nc6 8. O-O O-O 9. e4 dxe4 10. Nxe4 Be7 11. c3 b5 12. Qe2 Bb7 13. Rfd1 Nd5 14. Bc1 Re8 15. Neg5 Bxg5 16. Nxg5 h6 17. Ne4 Qc7 18. Nc5 Rad8 19. Nxb7 Qxb7 20. a3 Qc7 21. c4 bxc4 22. Bxc4 a5 23. Bb5 Rc8 24. Be3 Nxe3 25. Qxe3 Red8 26. h3 Ne7 27. Rxd8+ Qxd8 28. Qd3 Nd5 29. Rd1 Qb6 30. a4 Qc7 1/2-1/2

[Event "35. DSenEM 50+"]
[Site "Bad Wildungen"]
[Date "2023.07.20"]
[Round "4.15"]
[White "Kozlov, Oleksandr"]
[Black "Koschetzki, Christian"]
[Result "1/2-1/2"]
[WhiteElo "1850"]
[BlackElo "1950"]
[PlyCount "28"]
[EventDate "2023.??.??"]
[BlackTeam "SVG Salzgitter e.V."]

1. c4 Nf6 2. Nc3 c5 3. g3 g6 4. Bg2 Bg7 5. Nf3 Nc6 6. O-O O-O 7. a3 d5 8. cxd5 Nxd5 9. Nxd5 Qxd5 10. d3 b6 11. Rb1 Bb7 12. Bd2 Qd7 13. Bc3 Bxc3 14. bxc3 Rad8 1/2-1/2

[Event "35. DSenEM 50+"]
[Site "Bad Wildungen"]
[Date "2023.07.20"]
[Round "4.16"]
[White "Fink, Wolfgang"]
[Black "Dreke, Frank"]
[Result "0-1"]
[WhiteElo "1770"]
[BlackElo "1944"]
[PlyCount "70"]
[EventDate "2023.??.??"]
[WhiteTeam "Fit, Step by Step e.V."]
[BlackTeam "SV Mattnetz Berlin e.V."]

1. f4 d5 2. Nf3 g6 3. d4 Bg7 4. e3 Nf6 5. Bd3 c5 6. c3 Qc7 7. Nbd2 b6 8. O-O O-O 9. Ne5 cxd4 10. exd4 Ba6 11. Qe2 Bxd3 12. Qxd3 Nc6 13. a4 Rac8 14. Nxc6 Qxc6 15. f5 Rfe8 16. Nf3 Qc4 17. Ne5 Qxd3 18. Nxd3 Ne4 19. a5 gxf5 20. Rxf5 e6 21. Rh5 Nd6 22. Bh6 Bxh6 23. Rxh6 Nc4 24. a6 Kg7 25. Rh3 f6 26. Rg3+ Kh8 27. Rf1 Nd2 28. Rf4 Ne4 29. Rh3 Rc4 30. Nb4 Rec8 31. Rf1 R8c7 32. Rd1 Kg7 33. Rdd3 Rxb4 34. Rhf3 Rxb2 35. h4 Rb3 0-1

[Event "35. DSenEM 50+"]
[Site "Bad Wildungen"]
[Date "2023.07.20"]
[Round "4.17"]
[White "Bauer, Werner"]
[Black "Porth, Hartmut"]
[Result "0-1"]
[WhiteElo "1813"]
[BlackElo "1954"]
[PlyCount "52"]
[EventDate "2023.??.??"]
[WhiteTeam "SV Weiss-Blau Allianz Muenchen"]
[BlackTeam "SV Bargteheide"]

1. Nf3 Nc6 2. d4 d5 3. Bf4 Bg4 4. c4 e6 5. e3 Bd6 6. cxd5 exd5 7. Bg3 Nge7 8. Nc3 O-O 9. Rc1 Kh8 10. Bd3 f5 11. Be2 f4 12. Bh4 fxe3 13. fxe3 Qe8 14. Qd2 Qh5 15. Bf2 Rae8 16. a3 g6 17. Qd1 Nf5 18. Kd2 Qh6 19. Nxd5 Nfxd4 20. Bg3 Nxe2 21. Bxd6 cxd6 22. Kxe2 Ne5 23. h3 Bxf3+ 24. gxf3 Rxf3 25. Qg1 Rf7 26. Rc3 Qh5+ 0-1

[Event "35. DSenEM 50+"]
[Site "Bad Wildungen"]
[Date "2023.07.20"]
[Round "4.18"]
[White "Sakkal, Cherin"]
[Black "Rehbein, Ullrich"]
[Result "1-0"]
[WhiteElo "1967"]
[BlackElo "1768"]
[PlyCount "45"]
[EventDate "2023.??.??"]
[WhiteTeam "SC Haar 1931"]
[BlackTeam "SAbt TG 1949 Wehlheiden"]

1. e4 a6 2. d4 b5 3. Bd3 Bb7 4. Nf3 e6 5. O-O Nf6 6. Re1 c5 7. c3 cxd4 8. cxd4 Be7 9. a4 b4 10. Nbd2 O-O 11. h3 a5 12. Qe2 Qc7 13. e5 Nd5 14. Ne4 f5 15. exf6 Nxf6 16. Neg5 Nc6 17. Nxe6 dxe6 18. Qxe6+ Kh8 19. d5 Nxd5 20. Qxd5 Rad8 21. Qe4 g6 22. Bh6 Rfe8 23. Bb5 1-0

[Event "35. DSenEM 50+"]
[Site "Bad Wildungen"]
[Date "2023.07.20"]
[Round "4.19"]
[White "Schmitt, Carsten"]
[Black "Gerks, Joachim"]
[Result "1-0"]
[WhiteElo "1875"]
[BlackElo "1765"]
[PlyCount "43"]
[EventDate "2023.??.??"]
[WhiteTeam "SV Bergwinkel"]
[BlackTeam "SK Norderstedt von 1975"]

1. c4 c5 2. g3 Nc6 3. Bg2 g6 4. Nc3 Bg7 5. a3 e6 6. Rb1 a5 7. d3 Nge7 8. Bg5 O-O 9. Qd2 f6 10. Bh6 d5 11. cxd5 Nxd5 12. h4 Nd4 13. Bxg7 Kxg7 14. h5 g5 15. h6+ Kh8 16. Ne4 b6 17. b3 Bb7 18. e3 Nb5 19. Nf3 Nd6 20. Qb2 Nxe4 21. dxe4 g4 22. Nh2 1-0

[Event "35. DSenEM 50+"]
[Site "Bad Wildungen"]
[Date "2023.07.20"]
[Round "4.20"]
[White "Gaul, Karl-Heinz"]
[Black "Herold, Hansjoerg"]
[Result "0-1"]
[WhiteElo "1535"]
[BlackElo "1836"]
[Annotator "hugo5"]
[PlyCount "88"]
[EventDate "2023.??.??"]
[WhiteTeam "SC Schwarz-Weiss Lichtenrade e.V"]
[BlackTeam "SV 23 Boeckingen"]

{[%evp 0,59,19,9,19,37,33,22,38,8,8,20,14,12,35,10,15,0,26,24,12,17,19,5,6,-30,-26,-22,-25,-44,-39,-82,-65,-71,-75,-172,-80,-80,-73,-93,-106,-98,-82,-88,-87,-97,-87,-106,-153,-101,72,7,91,-118,-180,-168,-177,-164,-72,-36,-64,-105]} 1. Nf3 Nf6 2. d4 e6 3. Bg5 Be7 4. e3 d5 5. Nbd2 h6 6. Bf4 b6 7. h3 O-O 8. Bd3 Ba6 9. Ne5 Bxd3 10. cxd3 c5 11. dxc5 bxc5 12. Qf3 Qb6 13. b3 Nbd7 14. Nxd7 Nxd7 15. h4 Bf6 16. Rc1 Qa6 17. Qg3 Kh7 18. e4 Qxa2 19. e5 Be7 20. O-O Rg8 21. Ra1 Qb2 22. Rab1 Qc3 23. Nf3 Kh8 24. Rfd1 Rab8 25. Bd2 Qxd3 26. Bxh6 Qf5 27. Bf4 Rb4 28. Bg5 Rg4 29. Qh3 f6 30. Nh2 Rd4 31. Qxf5 exf5 32. Rxd4 cxd4 33. exf6 gxf6 34. Bf4 Ne5 35. Ra1 Bc5 36. Ra5 Nd3 37. Bd2 Rb8 38. Ra6 Rxb3 39. Rxf6 Rb1+ 40. Nf1 f4 41. Bxf4 Nxf4 42. Rxf4 d3 43. Rf3 d2 44. Rd3 d1=Q 0-1

[Event "35. DSenEM 50+"]
[Site "Bad Wildungen"]
[Date "2023.07.20"]
[Round "4.21"]
[White "Bigott, Martin"]
[Black "Papenfuss, Kai"]
[Result "1-0"]
[WhiteElo "1768"]
[BlackElo "1726"]
[PlyCount "43"]
[EventDate "2023.??.??"]
[WhiteTeam "Schachklub Koeln-Suedwest"]
[BlackTeam "SV Bad Bevensen"]

1. g3 d5 2. Bg2 c6 3. d4 Bf5 4. c4 e6 5. Qb3 Qb6 6. c5 Qxb3 7. axb3 e5 8. e3 Nd7 9. b4 a6 10. Nc3 Rd8 11. Nf3 f6 12. O-O h5 13. dxe5 fxe5 14. e4 dxe4 15. Nh4 g6 16. Bxe4 Bxe4 17. Nxe4 Kf7 18. Ng5+ Kf6 19. f4 Re8 20. fxe5+ Kg7 21. Rf7+ Kh6 22. Ngf3+ 1-0

[Event "35. DSenEM 50+"]
[Site "Bad Wildungen"]
[Date "2023.07.20"]
[Round "4.22"]
[White "Warnk, Torsten"]
[Black "Lebioda-Dette, Kordula"]
[Result "1-0"]
[WhiteElo "1733"]
[BlackElo "1701"]
[PlyCount "137"]
[EventDate "2023.??.??"]
[WhiteTeam "Sges Bensheim 1931"]
[BlackTeam "SF Essen-Werden 1924/80"]

1. d4 d5 2. Nf3 Nf6 3. Bf4 e6 4. e3 Be7 5. Bd3 O-O 6. O-O b6 7. Nc3 Bb7 8. Rc1 c5 9. b3 Bd6 10. Bxd6 Qxd6 11. Nb5 Qd8 12. c4 a6 13. Nc3 cxd4 14. Nxd4 dxc4 15. Bxc4 Nbd7 16. Be2 Qe7 17. Bf3 Nc5 18. Bxb7 Qxb7 19. b4 Ncd7 20. Qe2 b5 21. Nb3 Rfc8 22. Na5 Qb6 23. Qf3 Ne5 24. Qe2 h6 25. h3 Rc7 26. a3 Rac8 27. Na2 Rxc1 28. Nxc1 Rc3 29. Ncb3 Nd5 30. Rc1 Rxc1+ 31. Nxc1 Qc7 32. Nd3 Nxd3 33. Qxd3 Qc1+ 34. Kh2 Qc7+ 35. g3 Qc3 36. Qxc3 Nxc3 37. Nb3 Nb1 38. Nc5 Nxa3 39. Nxa6 Kf8 40. Kg2 Ke7 41. Nc5 Nc4 42. Kf3 Ne5+ 43. Ke4 Nc6 44. Na6 Kd6 45. Kd3 f5 46. Kc3 g5 47. Nc5 e5 48. Nb3 Kd5 49. Nc5 e4 50. Nb3 h5 51. Nd2 Ne5 52. Nb3 Nc6 53. Na5 Na7 54. Nb3 Nc6 55. Nd2 Ne5 56. Kb3 g4 57. hxg4 hxg4 58. Kc3 Nc6 59. Nb3 Ne5 60. Nd4 Nd3 61. Nxb5 Nxf2 62. Nd4 Nd3 63. Nxf5 Ke5 64. Nd4 Kd5 65. Ne2 Ne5 66. Nf4+ Kc6 67. Kd4 Nf3+ 68. Kxe4 Kb5 69. Nd3 1-0

[Event "35. DSenEM 50+"]
[Site "Bad Wildungen"]
[Date "2023.07.20"]
[Round "4.23"]
[White "Hafenstein, Andrea"]
[Black "Brixius, Dirk"]
[Result "1/2-1/2"]
[WhiteElo "1799"]
[BlackElo "1748"]
[PlyCount "85"]
[EventDate "2023.??.??"]
[WhiteTeam "Rodewischer Schachmiezen"]
[BlackTeam "SF Essen-Werden 1924/80"]

1. e4 c6 2. d4 d5 3. Nc3 dxe4 4. Nxe4 Nf6 5. Ng3 g6 6. c3 h5 7. Bd3 Bg7 8. Nf3 Bg4 9. h3 Bxf3 10. Qxf3 O-O 11. O-O Nbd7 12. Bd2 e5 13. Rad1 exd4 14. cxd4 Nd5 15. Bc3 Qc7 16. Bc2 N7f6 17. Bb3 Qf4 18. Bxd5 Nxd5 19. Qd3 Rfe8 20. Rfe1 Rad8 21. Re4 Rxe4 22. Nxe4 Re8 23. Nc5 Re7 24. g3 Qb8 25. Qf3 Qe8 26. Nd3 Nxc3 27. bxc3 Re2 28. Nc1 Rb2 29. Qd3 Qe6 30. Qf1 Bh6 31. Re1 Qf6 32. Nd3 Rxa2 33. Nc5 b6 34. Nd7 Qd8 35. Ne5 Qd5 36. Qd3 Kg7 37. c4 Qa5 38. Nf3 Ra1 39. Rxa1 Qxa1+ 40. Kg2 Qa6 41. d5 cxd5 42. Qd4+ Kg8 43. cxd5 1/2-1/2

[Event "35. DSenEM 50+"]
[Site "Bad Wildungen"]
[Date "2023.07.21"]
[Round "5.1"]
[White "Wacker, Peter"]
[Black "Metz, Hartmut"]
[Result "1/2-1/2"]
[WhiteElo "2285"]
[BlackElo "2175"]
[PlyCount "53"]
[EventDate "2023.??.??"]
[WhiteTeam "Klub Koelner Schachfreunde e. V."]
[BlackTeam "SG Rochade Kuppenheim 1979 e.V."]

1. e4 e6 2. d4 d5 3. Nd2 c5 4. exd5 Qxd5 5. dxc5 Qxc5 6. Ngf3 Nf6 7. Bd3 Nbd7 8. O-O Qc7 9. Re1 Be7 10. b3 O-O 11. c4 b6 12. Bb2 Bb7 13. Rc1 Rfd8 14. Qe2 Nc5 15. Bc2 Qc6 16. b4 Ncd7 17. a3 a5 18. Bc3 axb4 19. axb4 Nf8 20. h3 Ng6 21. Qe3 Ra3 22. Ra1 Rda8 23. Rxa3 Rxa3 24. Nb1 Ra8 25. Nbd2 Ra3 26. Nb1 Ra8 27. Nbd2 1/2-1/2

[Event "35. DSenEM 50+"]
[Site "Bad Wildungen"]
[Date "2023.07.21"]
[Round "5.2"]
[White "Jahn, Peter"]
[Black "Syre, Christian"]
[Result "0-1"]
[WhiteElo "2077"]
[BlackElo "2169"]
[PlyCount "58"]
[EventDate "2023.??.??"]
[WhiteTeam "Husumer SV von 1898"]
[BlackTeam "SC Kreuzberg e.V."]

1. d4 Nf6 2. Nf3 g6 3. g3 Bg7 4. Bg2 c5 5. O-O cxd4 6. Nxd4 h5 7. h3 Nc6 8. Be3 O-O 9. c4 d5 10. Nxc6 bxc6 11. Nc3 Be6 12. Qd2 Qd7 13. cxd5 cxd5 14. Kh2 Rfd8 15. Rfd1 Rab8 16. Rac1 h4 17. Bf4 hxg3+ 18. Bxg3 d4 19. Ne4 Nxe4 20. Bxe4 Rbc8 21. Rxc8 Rxc8 22. b3 Bxh3 23. e3 e5 24. Qa5 Qg4 25. f3 Qh5 26. Kg1 Bf5 27. Qd5 Qg5 28. Kh2 Qh6+ 29. Kg2 Qh3+ 0-1

[Event "35. DSenEM 50+"]
[Site "Bad Wildungen"]
[Date "2023.07.21"]
[Round "5.3"]
[White "Willsch, Matthias"]
[Black "Balzer, Lars"]
[Result "1/2-1/2"]
[WhiteElo "2097"]
[BlackElo "2016"]
[Annotator "hugo5"]
[PlyCount "43"]
[EventDate "2023.??.??"]
[WhiteTeam "Preetzer TSV"]
[BlackTeam "OSG Baden-Baden"]

1. d4 Nf6 2. Nf3 g6 3. g3 Bg7 4. Bg2 O-O 5. O-O d5 6. c4 c6 7. b3 Nbd7 8. Bb2 Ne4 9. Nbd2 Ndf6 10. Rc1 b6 11. Ne5 Nxd2 12. Qxd2 Bb7 13. Rfd1 Rc8 14. Ba3 Re8 15. Qf4 e6 16. e4 Bf8 17. Bxf8 Rxf8 18. f3 Nd7 19. cxd5 Nxe5 20. dxe5 cxd5 21. h4 h5 22. exd5 {(=)} 1/2-1/2

[Event "35. DSenEM 50+"]
[Site "Bad Wildungen"]
[Date "2023.07.21"]
[Round "5.4"]
[White "Roettinger, Eugen"]
[Black "Heck, Norbert"]
[Result "1/2-1/2"]
[WhiteElo "1965"]
[BlackElo "2199"]
[Annotator "hugo5"]
[PlyCount "136"]
[EventDate "2023.??.??"]
[WhiteTeam "TG Biberach 1847 e.V."]
[BlackTeam "SF Neuberg"]

1. d4 g6 2. Bf4 Bg7 3. Nc3 d6 4. Qd2 e5 5. dxe5 dxe5 6. Qxd8+ Kxd8 7. O-O-O+ Nd7 8. Bd2 c6 9. e4 Ngf6 10. f3 Ke7 11. Be3 Re8 12. h4 h6 13. g4 Kf8 14. Nge2 h5 15. g5 Ng8 16. Bh3 Nb6 17. Bxc8 Rexc8 18. a4 Ke8 19. Bc5 {(=)} Nd7 20. Bd6 Bf8 21. f4 Bxd6 22. Rxd6 exf4 23. e5 Nxe5 24. Nxf4 Kf8 25. Rhd1 Re8 26. b3 Ne7 27. Rf6 Kg7 28. Ne4 Ng8 29. Rfd6 Rac8 30. Nc5 Re7 31. Ne4 Ng4 32. Ng3 Rce8 33. Nfxh5+ gxh5 34. Nf5+ Kf8 35. Nxe7 Nxe7 36. Rd7 Ng6 37. Rxb7 Nxh4 38. Rh1 Nf3 39. Rxh5 Kg7 40. Rxa7 Re2 41. Rh3 Nd4 42. Rg3 Ne5 43. c4 Kg6 44. Kb1 Nef3 45. Rb7 Nd2+ 46. Kc1 Ne4 47. Rh3 Rc2+ 48. Kb1 Nc3+ 49. Rxc3 Rxc3 50. a5 Rxb3+ 51. Rxb3 Nxb3 52. a6 Nd2+ 53. Kc2 Nxc4 54. Kc3 Nb6 55. Kb4 Kxg5 56. Kc5 Nc8 57. Kxc6 f5 58. Kb7 Nd6+ 59. Kb6 f4 60. Kc6 Nc8 61. Kc7 Na7 62. Kb6 f3 63. Kxa7 f2 64. Kb8 f1=Q 65. a7 Qb5+ 66. Ka8 Qc6+ 67. Kb8 Qb6+ 68. Ka8 Qc7 1/2-1/2

[Event "35. DSenEM 50+"]
[Site "Bad Wildungen"]
[Date "2023.07.21"]
[Round "5.5"]
[White "Schatz, Christian"]
[Black "Schneider, Michael"]
[Result "1/2-1/2"]
[WhiteElo "2168"]
[BlackElo "2025"]
[Annotator "hugo5"]
[PlyCount "39"]
[EventDate "2023.??.??"]
[WhiteTeam "SC Postbauer-Heng e.V."]
[BlackTeam "SC Niefern-Oeschelbronn"]

1. Nf3 Nf6 2. d4 g6 3. Bg5 d5 4. e3 Bg7 5. Nbd2 O-O 6. Bd3 b6 7. O-O c5 8. c3 Bb7 9. Qc2 Nbd7 10. e4 cxd4 11. cxd4 dxe4 12. Nxe4 Nxe4 13. Bxe4 Bxe4 14. Qxe4 Nf6 15. Qb7 e6 16. Rfc1 Qd5 17. Rc7 Qxb7 18. Rxb7 Nd5 19. Rc1 h6 20. Be3 {(=)} 1/2-1/2

[Event "35. DSenEM 50+"]
[Site "Bad Wildungen"]
[Date "2023.07.21"]
[Round "5.6"]
[White "Dreke, Frank"]
[Black "Lindam, Ingo"]
[Result "0-1"]
[WhiteElo "1944"]
[BlackElo "2136"]
[PlyCount "50"]
[EventDate "2023.??.??"]
[WhiteTeam "SV Mattnetz Berlin e.V."]
[BlackTeam "Schachclub Hilchenbach"]

1. e4 c5 2. Nf3 e6 3. c4 Nc6 4. Nc3 Nd4 5. g3 Ne7 6. Nxd4 cxd4 7. Ne2 Nc6 8. Bg2 Rb8 9. O-O b5 10. cxb5 Rxb5 11. f4 d3 12. Nc3 Ra5 13. b3 Bc5+ 14. Kh1 h5 15. h4 Nd4 16. Bb2 Qb6 17. Bf3 Bb7 18. Na4 Rxa4 19. bxa4 Nxf3 20. Qxf3 f5 21. a5 Qxb2 22. Rab1 Qxb1 23. Rxb1 Bxe4 24. Kg2 Ke7 25. Rb5 Rc8 0-1

[Event "35. DSenEM 50+"]
[Site "Bad Wildungen"]
[Date "2023.07.21"]
[Round "5.7"]
[White "Marquardt, Christian"]
[Black "Baer, Marco"]
[Result "1/2-1/2"]
[WhiteElo "1995"]
[BlackElo "2079"]
[Annotator "hugo5"]
[PlyCount "20"]
[EventDate "2023.??.??"]
[WhiteTeam "SV 03/25 Koblenz"]
[BlackTeam "Schachclub Bayer Leverkusen e.V."]

1. d4 d6 2. Nf3 Bg4 3. e4 Nf6 4. Nbd2 Nc6 5. c3 e6 6. Bd3 Be7 7. O-O O-O 8. Qc2 e5 9. Re1 Re8 10. b3 Bf8 {(=)} 1/2-1/2

[Event "35. DSenEM 50+"]
[Site "Bad Wildungen"]
[Date "2023.07.21"]
[Round "5.8"]
[White "Schaefer, Lutz"]
[Black "Cmiel, Thorsten"]
[Result "0-1"]
[WhiteElo "1841"]
[BlackElo "2038"]
[PlyCount "60"]
[EventDate "2023.??.??"]
[WhiteTeam "SV Vimbuch"]
[BlackTeam "Koelner Schachklub Dr.Lasker 186"]

1. Nf3 c5 2. b3 Nf6 3. Bb2 e6 4. e3 Be7 5. d4 O-O 6. Bd3 b6 7. O-O Bb7 8. Nbd2 d6 9. c4 Nbd7 10. Qb1 h6 11. Rd1 Qc7 12. a3 Rfe8 13. b4 a6 14. dxc5 bxc5 15. Bc3 Reb8 16. Qc2 Bf8 17. Nb3 Rc8 18. Na5 Bxf3 19. gxf3 d5 20. Qb2 cxb4 21. axb4 dxc4 22. Bb1 Nd5 23. Rxd5 exd5 24. Qd2 Qd6 25. Bc2 Ne5 26. Kg2 Rab8 27. Qd4 Nd3 28. Bxd3 cxd3 29. Kh1 Qf6 30. Qxf6 gxf6 0-1

[Event "35. DSenEM 50+"]
[Site "Bad Wildungen"]
[Date "2023.07.21"]
[Round "5.9"]
[White "Schell, Franz Juergen"]
[Black "Hoffmann, Michael"]
[Result "1/2-1/2"]
[WhiteElo "2069"]
[BlackElo "1942"]
[Annotator "hugo5"]
[PlyCount "22"]
[EventDate "2023.??.??"]
[WhiteTeam "Bramfelder SK 1947 e.V."]
[BlackTeam "Gardez Robe"]

1. c4 e6 2. g3 d5 3. Bg2 Nf6 4. Nf3 Be7 5. O-O O-O 6. b3 c5 7. cxd5 Nxd5 8. Bb2 Nc6 9. d4 cxd4 10. Nxd4 Nxd4 11. Bxd4 Bf6 {(=)} 1/2-1/2

[Event "35. DSenEM 50+"]
[Site "Bad Wildungen"]
[Date "2023.07.21"]
[Round "5.10"]
[White "Schneider, Birgit"]
[Black "Zude, Arno"]
[Result "0-1"]
[WhiteElo "1829"]
[BlackElo "2348"]
[Annotator "hugo5"]
[PlyCount "108"]
[EventDate "2023.??.??"]
[WhiteTeam "SC Niefern-Oeschelbronn"]
[BlackTeam "SV 1920 Hofheim"]

1. e4 e5 2. Nf3 Nc6 3. Bb5 a6 4. Ba4 Nf6 5. O-O Be7 6. Re1 b5 7. Bb3 d6 8. c3 O-O 9. h3 Nb8 10. d4 Nbd7 11. Nbd2 Bb7 12. Bc2 Re8 13. Nf1 Bf8 14. Ng3 g6 15. a4 c5 16. d5 c4 17. Be3 Qc7 18. Qd2 Nc5 19. axb5 axb5 20. Bg5 Nfd7 21. h4 Bg7 22. h5 f6 23. Bh6 {(=)} Nf8 24. hxg6 hxg6 25. Be3 Kf7 26. Nh2 Nfd7 27. Ng4 Rh8 28. f3 Nb6 29. Kf2 Nba4 30. Bxa4 Nd3+ 31. Ke2 Nxe1 32. Rxe1 Rxa4 33. Bh6 Bc8 34. Bxg7 Kxg7 35. Ne3 Qa7 36. Rf1 Ra1 37. Nd1 Qa2 38. Rh1 Rxh1 39. Nxh1 Qb1 40. Nhf2 Qc1 41. Qxc1 Rxc1 42. Kd2 Ra1 43. Ne3 Rg1 44. g4 Kh6 45. Ke2 Rb1 46. Nfd1 Kg5 47. Ng2 f5 48. gxf5 gxf5 49. exf5 Bxf5 50. Nge3 Bd3+ 51. Kd2 Kf4 52. Ng2+ Kxf3 53. Ne1+ Kf4 54. b4 Be4 0-1

[Event "35. DSenEM 50+"]
[Site "Bad Wildungen"]
[Date "2023.07.21"]
[Round "5.11"]
[White "von Kiedrowski, Klemens"]
[Black "Schmitt, Carsten"]
[Result "1-0"]
[WhiteElo "2069"]
[BlackElo "1875"]
[PlyCount "51"]
[EventDate "2023.??.??"]
[WhiteTeam "SAbt TG 1949 Wehlheiden"]
[BlackTeam "SV Bergwinkel"]

1. c4 Nf6 2. Nc3 e6 3. e4 d6 4. d4 Nbd7 5. f4 c5 6. Nf3 g6 7. Be2 Bg7 8. e5 dxe5 9. dxe5 Ng8 10. Ne4 h6 11. Nd6+ Kf8 12. Be3 Ne7 13. O-O Nf5 14. Nxf5 gxf5 15. Bxc5+ Kg8 16. Qd4 b6 17. Bd6 Bb7 18. Rfd1 Rc8 19. b4 Kh7 20. a4 Nf8 21. a5 Ng6 22. axb6 Qxb6 23. c5 Qc6 24. Rxa7 Qe4 25. Qxe4 Bxe4 26. g3 1-0

[Event "35. DSenEM 50+"]
[Site "Bad Wildungen"]
[Date "2023.07.21"]
[Round "5.12"]
[White "Porth, Hartmut"]
[Black "Kozlov, Oleksandr"]
[Result "1-0"]
[WhiteElo "1954"]
[BlackElo "1850"]
[PlyCount "104"]
[EventDate "2023.??.??"]
[WhiteTeam "SV Bargteheide"]

1. e4 c5 2. d3 Nc6 3. f4 d5 4. Nf3 dxe4 5. dxe4 Qxd1+ 6. Kxd1 Bg4 7. Be3 O-O-O+ 8. Nbd2 e5 9. Kc1 exf4 10. Bxf4 Be7 11. Bc4 Nf6 12. a3 Rhf8 13. Ne5 Nxe5 14. Bxe5 Ne8 15. Bd5 f6 16. Bf4 Nc7 17. c4 f5 18. Bxc7 Kxc7 19. e5 Bg5 20. Kc2 Rde8 21. Rae1 Bf4 22. e6 Bd6 23. Kc3 f4 24. b4 b6 25. h3 Bf5 26. Re2 cxb4+ 27. axb4 a5 28. bxa5 bxa5 29. Nb3 Bb4+ 30. Kd4 Rf6 31. Ra1 Bxe6 32. Nxa5 Rd8 33. Nc6 Bxd5 34. Nxd8 f3 35. gxf3 Bxf3 36. Ne6+ Kd6 37. Ra6+ Kd7 38. Re3 Bg4 39. Ra7+ Kd6 40. c5+ Kc6 41. Rxg7 Bf3 42. Rxh7 Bd2 43. Nd8+ Kb5 44. Rb3+ Ka4 45. Rxf3 Rxf3 46. c6 Rf4+ 47. Kd5 Rf5+ 48. Ke6 Rc5 49. Kd6 Bb4 50. Ke6 Ba5 51. Ra7 Kb4 52. Rxa5 Kxa5 1-0